Southville International School and Colleges
Your cart is empty.
  • Cart
  • Lists
    Public lists Eva Luna New books Lux_list list_1
    Your lists Log in to create your own lists
  • Log in to your account
  • Your cookies
  • Search history
Southville International School and Colleges
  • Advanced search
  • Recent comments
  • Most popular
  • Libraries

Log in to your account

Log in with GOOGLE


If you do not have an external account, but do have a local account, you can still log in:

  1. Home
  2. MARC view: Holt Physcis :
Normal view MARC view ISBD view

Holt Physcis : (Record no. 6946)

[ view plain ]
MARC details
000 -LEADER
fixed length control field 00667nam a22002297a 4500
003 - CONTROL NUMBER IDENTIFIER
control field OSt
005 - DATE AND TIME OF LATEST TRANSACTION
control field 20140310181920.0
008 - FIXED-LENGTH DATA ELEMENTS--GENERAL INFORMATION
fixed length control field 130718t xxu||||| |||| 00| 0 eng d
020 ## - INTERNATIONAL STANDARD BOOK NUMBER
International Standard Book Number 0030573599
050 ## - LIBRARY OF CONGRESS CALL NUMBER
Classification number QC 21.2
Item number .H758 2002
082 ## - DEWEY DECIMAL CLASSIFICATION NUMBER
Classification number TR 530
Item number H74le 2002
100 ## - MAIN ENTRY--PERSONAL NAME
Personal name Biedenweg, Douglas W.
245 ## - TITLE STATEMENT
Title Holt Physcis :
Remainder of title laboratory experiments /
Statement of responsibility, etc Douglas W. Biedenweg
260 ## - PUBLICATION, DISTRIBUTION, ETC. (IMPRINT)
Place of publication, distribution, etc Austin :
Name of publisher, distributor, etc Holt, Rinehart and winston,
Date of publication, distribution, etc c2002.
300 ## - PHYSICAL DESCRIPTION
Extent 100 p. ;
Dimensions 28 cm.
562 ## - COPY AND VERSION IDENTIFICATION NOTE
Number of copies 1
650 ## - SUBJECT ADDED ENTRY--TOPICAL TERM
Source of heading or term Physics--Laboratory manuals.
650 ## - SUBJECT ADDED ENTRY--TOPICAL TERM
Source of heading or term Physics--Experiments.
650 ## - SUBJECT ADDED ENTRY--TOPICAL TERM
Source of heading or term Physics--Study and teaching.
942 ## - ADDED ENTRY ELEMENTS (KOHA)
Source of classification or shelving scheme Library of Congress Classification
Koha item type Books
Holdings
Withdrawn status Lost status Source of classification or shelving scheme Damaged status Home library Current library Shelving location Date acquired Total Checkouts Full call number Barcode Date last seen Copy number Price effective from Koha item type
    Library of Congress Classification   Luxembourg Library Luxembourg Library Teachers Reference Section 07/18/2013   QC 21.2 .H758 2002 10650 10/14/2015 1 07/18/2013 Books

Holt Physcis :

APA

Biedenweg D. W., . (2002). Holt Physcis. Austin: Holt, Rinehart and winston.

Chicago

Biedenweg Douglas W, . 2002. Holt Physcis. Austin: Holt, Rinehart and winston.

Harvard

Biedenweg D. W., . (2002). Holt Physcis. Austin: Holt, Rinehart and winston.

MLA

Biedenweg Douglas W, . Holt Physcis. Austin: Holt, Rinehart and winston. 2002.

  • Place hold
  • Print
  • Cite
  • Add to your cart (remove)
  • Save record
    BIBTEX Dublin Core MARCXML MARC (non-Unicode/MARC-8) MARC (Unicode/UTF-8) MARC (Unicode/UTF-8, Standard) MODS (XML) RIS
  • More searches
    Search for this title in:
    Other Libraries (WorldCat) Other Databases (Google Scholar) Online Stores (Bookfinder.com) Open Library (openlibrary.org)

Exporting to Dublin Core...

SOUTHVILLE LIBRARY

Southville International School and Colleges Library

1281 Tropical Ave. Cor. Luxembourg St., BF Homes International, Las Pinas City

Tel. No. 8256374 / 252358 Loc. 117/146

Powered by Koha